000 00575nam a2200169 4500
001 126724
003 ES-MaACL
005 20230906192852.0
007 t|
008 070214s1928 sp r ||||1| spa d
245 0 0 _aResumen de las listas cobratorias del impuesto de cédulas personales para 1926.
260 _aMadrid :
_b[s. n.],
_c1928 (
_fArtes Gráficas)
300 _a154 p. ;
_c31 x 21 cm.
500 _aPrecede al tít.: Comité Central de Fondos Provinciales.
710 2 _aEspaña.
_bComité Central de Fondos Provinciales.
_93641
852 _aES-MaACL
_j1724-F-4
999 _c126724
_d126724